[Event "WJun Girls"]
[Site "Yerevan ARM"]
[Date "2006.10.13"]
[Round "10"]
[White "Karavade,E"]
[Black "Abrahamyan,T"]
[Result "1/2-1/2"]
[WhiteElo "2321"]
[BlackElo "2292"]
[EventDate "2006.10.03"]

1. d4 Nf6 2. c4 g6 3. Nc3 Bg7 4. e4 d6 5. Nf3 O-O 6. Be2 e5 7. Be3 Ng4 8.
Bg5 f6 9. Bh4 g5 10. Bg3 Nh6 11. d5 f5 12. exf5 Nxf5 13. Nd2 Nd4 14. Bd3
Na6 15. Qh5 h6 16. O-O Nc5 17. Bb1 a5 18. Qd1 Qe8 19. Nde4 Nxe4 20. Nxe4
Bf5 21. f3 Qg6 22. Qe1 h5 23. Bf2 g4 24. fxg4 Bxg4 25. Bd3 Bf3 26. g3 Rae8
27. h4 Qg4 28. Kh2 Bh6 29. Bxd4 Bf4 30. Rxf3 Qxf3 31. Qf1 Qg4 32. Bf2 Qxh4+
33. Kg2 Qg4 34. Qe2 Qg6 35. Rh1 Bh6 36. Rxh5 c6 37. Ng5 e4 38. Bxe4 Bxg5
39. Rxg5 Qxg5 40. Qd3 Rxf2+ 41. Kxf2 Qf6+ 42. Kg2 Qxb2+ 43. Kh3 Qe5 44. Bf3
Kg7 45. dxc6 bxc6 46. Qb3 Kf6 47. Kg2 Qe3 48. Qb2+ Re5 49. Qb8 Qd2+ 50. Kh3
Re7 51. Qh8+ Rg7 52. Bxc6 Qg5 53. Qf8+ Ke5 54. Qe8+ Kd4 55. Qe1 Re7 56.
Qd1+ Kc5 57. Bf3 Qf5+ 58. Kg2 Re3 59. Bd5 Qd3 60. Qg1 Kb4 61. Kh3 Qf5+ 62.
Kh4 Qh7+ 63. Kg4 Qg7+ 64. Kh3 Qh7+ 65. Kg4 Qg7+ 66. Kh3 Qh6+ 67. Kg4 Qg7+
1/2-1/2

[Event "WJun Girls"]
[Site "Yerevan ARM"]
[Date "2006.10.13"]
[Round "10"]
[White "Schoene,Mar"]
[Black "Andriasian,S"]
[Result "0-1"]
[WhiteElo "2155"]
[BlackElo "2264"]
[EventDate "2006.10.03"]

1. e4 e5 2. Nf3 Nc6 3. Bb5 a6 4. Ba4 Nf6 5. d3 b5 6. Bb3 Bc5 7. O-O d6 8.
c3 h6 9. Nbd2 O-O 10. h3 Ne7 11. Re1 Ng6 12. Nf1 Bb6 13. N3h2 Be6 14. Qf3
Nd7 15. Ng3 Nc5 16. Bc2 Nh4 17. Qh5 f5 18. d4 Nxe4 19. Nxe4 fxe4 20. Rxe4
Nf5 21. Ng4 Qe8 22. Qxe8 Raxe8 23. dxe5 Ng3 24. Re1 Bxg4 25. Kh2 Bxf2 26.
Bd2 Be6 27. Red1 dxe5 28. Be1 Nf1+ 29. Kh1 Ne3 0-1

[Event "WJun Girls"]
[Site "Yerevan ARM"]
[Date "2006.10.13"]
[Round "10"]
[White "Harika,D"]
[Black "Mongontuul,B"]
[Result "1/2-1/2"]
[WhiteElo "2353"]
[BlackElo "2383"]
[EventDate "2006.10.03"]

1. d4 d5 2. Nf3 Nf6 3. c4 c6 4. Nc3 dxc4 5. a4 e6 6. e3 c5 7. Bxc4 cxd4 8.
exd4 Nc6 9. O-O Be7 10. Re1 O-O 11. Bg5 Nb4 12. Qb3 Nc6 13. Rad1 Na5 14.
Qa2 Nxc4 15. Qxc4 Bd7 16. d5 exd5 17. Nxd5 Nxd5 18. Rxd5 Bxg5 19. Nxg5 h6
20. Red1 hxg5 21. Rxd7 Qb6 22. Qd4 Qxd4 23. R1xd4 b6 24. g3 Rfc8 25. Rb7
Rd8 26. Rxd8+ Rxd8 27. Rxa7 Rd1+ 28. Kg2 Rb1 29. Rb7 Rxb2 30. a5 b5 31. a6
Ra2 32. a7 Kh7 33. Rxf7 b4 34. Rb7 b3 35. Kf3 b2 36. Rxb2 Rxa7 37. Kg4 Ra5
38. h3 Rc5 39. Rb8 Ra5 40. Rb7 Rc5 41. Kh5 Rf5 42. Rb2 Ra5 43. Rd2 Rb5 44.
Kg4 Ra5 45. Rd6 Rb5 46. Re6 Ra5 47. h4 gxh4 48. Kxh4 Rb5 49. f4 Ra5 50. Re5
Ra3 51. Kg4 Kg6 52. Re6+ Kf7 53. Rb6 Rc3 54. Kh4 Rf3 55. Kg4 Rc3 56. f5 Rd3
57. Kf4 Ra3 58. g4 Ra4+ 59. Kg5 Rc4 60. Kh5 Rc5 61. Rb7+ Kg8 62. Rb4 Kf7
63. Kg5 Rc1 64. Ra4 Rb1 65. Ra7+ Kg8 66. Kh5 Rb5 67. Re7 Kf8 68. Re4 Kf7
69. Kg5 Rb1 70. Re3 Rb4 71. Rf3 Rc4 72. Kh5 Rc1 73. g5 Rh1+ 74. Kg4 Rg1+
75. Kf4 Ra1 76. Rc3 Rf1+ 77. Ke5 g6 1/2-1/2

[Event "WJun Girls"]
[Site "Yerevan ARM"]
[Date "2006.10.13"]
[Round "10"]
[White "Mikadze,M"]
[Black "Hou Yifan"]
[Result "0-1"]
[WhiteElo "2229"]
[BlackElo "2481"]
[EventDate "2006.10.03"]

1. e4 e6 2. d4 d5 3. Nc3 Nf6 4. Bg5 dxe4 5. Nxe4 Be7 6. Bxf6 gxf6 7. Nf3 f5
8. Ng3 c5 9. dxc5 Qa5+ 10. c3 Qxc5 11. Qd4 Qxd4 12. Nxd4 Bd7 13. Be2 Nc6
14. Nb5 O-O-O 15. O-O-O Rhf8 16. Rhe1 a6 17. Nd4 Nxd4 18. Rxd4 Bc6 19.
Rxd8+ Bxd8 20. Bf1 Rg8 21. Kd1 Bb6 22. f3 Bf2 23. Re5 Bg1 24. Ne2 Bxh2 25.
Rc5 Kb8 26. Rc4 Be5 27. Rh4 Rg7 28. Kd2 Bf6 29. Rh5 h6 30. Ke1 Rh7 31. Nd4
Bd7 32. Bd3 Rh8 33. Kf2 Bg7 34. Ke3 Rg8 35. Bf1 Bf8 36. b4 Bg7 37. a3 Rc8
38. c4 Rd8 39. Nb3 b6 40. Nc1 Ba4 41. Nd3 Bb3 42. c5 b5 43. Be2 Bc4 44. f4
Bd5 45. g3 Be4 46. Ne5 Rd5 47. Kf2 Rd2 48. Rh3 Ra2 49. g4 fxg4 50. Nxg4
Bd4+ 51. Ke1 Bb2 52. Nxh6 Ra1+ 53. Kf2 Bd4+ 54. Kg3 Rg1+ 0-1

[Event "WJun Girls"]
[Site "Yerevan ARM"]
[Date "2006.10.13"]
[Round "10"]
[White "Solic,K"]
[Black "Aketaeva,D"]
[Result "1-0"]
[WhiteElo "2129"]
[BlackElo "2312"]
[EventDate "2006.10.03"]

1. e4 e5 2. Nf3 Nc6 3. Bb5 a6 4. Ba4 Nf6 5. O-O b5 6. Bb3 Bc5 7. c3 d6 8.
Re1 O-O 9. d4 Bb6 10. Bg5 h6 11. Bh4 Qe7 12. a4 Rb8 13. axb5 axb5 14. Na3
Bg4 15. Nc2 Bxf3 16. gxf3 g5 17. Bg3 h5 18. Ne3 h4 19. Nf5 Qd7 20. Bxh4
gxh4 21. Qd2 Qxf5 22. exf5 Kh7 23. Kh1 Rg8 24. Bxf7 Rg7 25. Bg6+ Kh8 26.
Qh6+ Kg8 27. Rg1 Kf8 28. Bf7 1-0

[Event "WJun Girls"]
[Site "Yerevan ARM"]
[Date "2006.10.13"]
[Round "10"]
[White "Butskhrikidze,A"]
[Black "Teodorescu,A"]
[Result "1-0"]
[WhiteElo "2001"]
[BlackElo "2126"]
[EventDate "2006.10.03"]

1. d4 Nf6 2. c4 c5 3. d5 e6 4. Nc3 exd5 5. cxd5 d6 6. Nf3 g6 7. Nd2 Bg7 8.
Nc4 O-O 9. Bg5 h6 10. Bf4 Ne8 11. Qc1 g5 12. Bd2 f5 13. h4 f4 14. e4 Bxc3
15. bxc3 Qe7 16. f3 Nf6 17. Be2 Re8 18. Qd1 b5 19. Nb2 c4 20. hxg5 hxg5 21.
a4 Bd7 22. Kf2 Na6 23. axb5 Bxb5 24. Bxc4 Bxc4 25. Nxc4 Nc5 26. Qc2 Rac8
27. Na5 Nxd5 28. exd5 Qe2+ 29. Kg1 Nd3 30. Rf1 Rb8 31. Qd1 Rb2 32. Qxe2
Rxe2 33. Nc4 Ra2 34. Rh5 Ra4 35. Rxg5+ Kf8 36. Nxd6 Rxd2 37. Ne4 Rda2 38.
d6 Ke8 39. Nf6+ 1-0

[Event "WJun Girls"]
[Site "Yerevan ARM"]
[Date "2006.10.13"]
[Round "10"]
[White "Kadziolka,B"]
[Black "Martirosyan,L"]
[Result "1-0"]
[WhiteElo "2346"]
[BlackElo "2111"]
[EventDate "2006.10.03"]

1. d4 d5 2. c4 c6 3. e3 Nf6 4. Nf3 e6 5. Nbd2 Nbd7 6. Bd3 Bd6 7. O-O O-O 8.
e4 dxe4 9. Nxe4 Nxe4 10. Bxe4 Nf6 11. Bc2 h6 12. b3 Qc7 13. Bb2 Rd8 14. Qe2
Be7 15. Rad1 b6 16. a3 Bb7 17. Rfe1 Re8 18. Ne5 Bf8 19. Rd3 Nd7 20. Rg3 f5
21. Re3 Bc8 22. Ng6 Nf6 23. Bxf5 exf5 24. Rxe8 Nxe8 25. Qxe8 Bb7 26. Qe3
Qf7 27. Nxf8 Rxf8 28. f4 Bc8 29. Qe5 Bd7 30. Qd6 Re8 31. Re5 Qh5 32. h3 Qf7
33. d5 cxd5 34. cxd5 Bb5 35. a4 Bd3 36. Re6 Kh7 37. Qe5 Rxe6 38. dxe6 Qe7
39. Qd5 Be4 40. Qd7 Qc5+ 41. Kh2 1-0

[Event "WJun Girls"]
[Site "Yerevan ARM"]
[Date "2006.10.13"]
[Round "10"]
[White "Arutyunova,D"]
[Black "Hamrakulova,Y"]
[Result "1/2-1/2"]
[WhiteElo "2362"]
[BlackElo "2209"]
[EventDate "2006.10.03"]

1. e4 e6 2. d4 d5 3. e5 c5 4. c3 Nc6 5. Nf3 Qb6 6. Bd3 cxd4 7. cxd4 Bd7 8.
O-O Nxd4 9. Nxd4 Qxd4 10. Nc3 Qxe5 11. Re1 Qd6 12. Nb5 Bxb5 13. Bxb5+ Kd8
14. Bd2 Nf6 15. Rc1 Ne4 16. Rxe4 dxe4 17. Bf4 e5 18. Qh5 exf4 19. Rd1 g6
20. Rxd6+ Bxd6 21. Qd5 Kc7 22. Qc4+ Kb6 23. b4 Rac8 24. Qd4+ Kxb5 25. Qd5+
Kxb4 26. Qxd6+ Kb5 27. Qd7+ Ka5 28. h4 Rhd8 29. Qxb7 Rd1+ 30. Kh2 Rcc1 31.
Qxa7+ Kb4 32. Qb8+ Kc3 33. Qe5+ Kd3 34. Qd5+ Kc3 1/2-1/2

[Event "WJun Girls"]
[Site "Yerevan ARM"]
[Date "2006.10.13"]
[Round "10"]
[White "Zarkua,E"]
[Black "Topel,Z"]
[Result "1/2-1/2"]
[WhiteElo "1920"]
[BlackElo "2256"]
[EventDate "2006.10.03"]

1. d4 Nf6 2. c4 g6 3. Nc3 Bg7 4. e4 d6 5. Nf3 O-O 6. h3 e5 7. d5 a5 8. Bg5
Na6 9. Nd2 Qe8 10. Be2 Kh8 11. g4 Nd7 12. Nb3 b6 13. h4 h6 14. Be3 Ndc5 15.
h5 g5 16. Nd2 Bd7 17. O-O Nb4 18. Qb1 a4 19. Bxc5 bxc5 20. a3 Na6 21. Bd1
Nb8 22. f3 Qd8 23. Bc2 Qc8 24. Qd1 Qa6 25. Kg2 Bf6 26. Rf2 Bd8 27. Rb1 Be8
28. Qe2 Ra7 29. Nf1 Bd7 30. Ne3 Bf6 31. Nf5 Kh7 32. Ne3 Kh8 33. Qd1 Rc8 34.
Qe2 Be8 35. Nf5 Kh7 36. Qd3 Bd7 37. Rff1 Re8 38. Ra1 Rg8 39. Rfb1 Rd8 40.
Ne3 Be8 41. Kf2 Kg8 42. b4 axb3 43. Rxb3 Nd7 44. Nb5 Rb7 45. Rab1 Ra8 46.
R3b2 Bd8 47. a4 Nb6 48. Nf5 Kh7 49. Ne3 Qa5 50. Nd1 Rab8 51. Ndc3 Nc8 52.
Bd1 Bd7 53. Bc2 Be8 54. Ne2 Kg7 55. Nec3 1/2-1/2

[Event "WJun Girls"]
[Site "Yerevan ARM"]
[Date "2006.10.13"]
[Round "10"]
[White "Soumya,S"]
[Black "Frisk,E"]
[Result "1-0"]
[WhiteElo "2154"]
[BlackElo "2025"]
[EventDate "2006.10.03"]

1. e4 e6 2. d4 d5 3. Nd2 c5 4. Ngf3 cxd4 5. Nxd4 Nf6 6. Bd3 Nc6 7. Nxc6
bxc6 8. e5 Nd7 9. Nf3 Ba6 10. O-O Bxd3 11. cxd3 Be7 12. Qa4 c5 13. Qg4 g6
14. Bh6 Bf8 15. Bg5 Be7 16. Bh6 Bf8 17. Be3 Bg7 18. Rac1 Qa5 19. Bxc5 Nxc5
20. b4 Qa4 21. Rxc5 Qxa2 22. Qd4 O-O 23. Ra1 Qe2 24. Qc3 a5 25. Rcxa5 Rxa5
26. bxa5 f6 27. d4 fxe5 28. dxe5 Qa6 29. Qb4 Rc8 30. h3 h6 31. Rb1 Ra8 32.
Qg4 Qxa5 33. Qxe6+ Kh7 34. Rb6 d4 35. Qxg6+ Kh8 36. Rb7 Rg8 37. Qe4 Qa1+
38. Rb1 Qc3 39. Qxd4 Qc2 40. Re1 Qc6 41. Qe4 Qe6 42. Nh4 Bf8 43. Qf5 Qe8
44. e6 Be7 45. Qe5+ Kh7 46. Qe4+ Kh8 47. Nf5 Qf8 48. Rd1 Bc5 49. e7 Qc8 50.
Rd8 1-0

[Event "WJun Girls"]
[Site "Yerevan ARM"]
[Date "2006.10.13"]
[Round "10"]
[White "Darbinian,N"]
[Black "Priya,P"]
[Result "1-0"]
[WhiteElo "2079"]
[BlackElo "2128"]
[EventDate "2006.10.03"]

1. Nf3 Nf6 2. c4 e6 3. g3 b6 4. Bg2 Bb7 5. O-O Be7 6. Nc3 O-O 7. Re1 d5 8.
cxd5 exd5 9. d4 Nbd7 10. Bf4 Nh5 11. Bd2 Re8 12. Rc1 c5 13. Qc2 Nhf6 14.
Red1 Bf8 15. Bf4 a6 16. Qb1 g6 17. Rc2 Bg7 18. dxc5 bxc5 19. Ne1 Nb6 20.
Bc1 Qc8 21. e3 Qe6 22. Nd3 Rac8 23. Nf4 Qe5 24. b3 g5 25. Nfe2 Qf5 26. Rcd2
Qe6 27. Bb2 Red8 28. Ba1 Rd7 29. Nc1 Rcd8 30. N1e2 h6 31. a4 a5 32. Nb5 Bc6
33. Rc1 Qe7 34. Rdc2 Bxb5 35. axb5 Rc7 36. Nd4 Qe8 37. Rxc5 Rxc5 38. Rxc5
Nfd7 39. Rc1 Nf8 40. Nf5 Bxa1 41. Qxa1 d4 42. Nxd4 Qe5 43. Nc6 Qxa1 44.
Rxa1 Re8 45. Rxa5 Nfd7 46. Ra7 Nc5 47. Nd4 Kf8 48. Bf1 Ra8 49. Rxa8+ Nxa8
50. Be2 Kg7 51. Kf1 Kf6 52. h3 Nb6 53. Bc4 Kg6 54. g4 Kf6 55. Ke2 Ncd7 56.
f4 gxf4 57. exf4 Nc5 58. Nf5 h5 59. Nh6 hxg4 60. hxg4 Kg6 61. Nxf7 Nxc4 62.
Nh8+ Kg7 63. bxc4 Kxh8 64. Ke3 Kg7 65. Kd4 Nd7 66. c5 Kf6 67. Kd5 1-0

[Event "WJun Girls"]
[Site "Yerevan ARM"]
[Date "2006.10.13"]
[Round "10"]
[White "Nadig,K"]
[Black "Videnova,I"]
[Result "0-1"]
[WhiteElo "2184"]
[BlackElo "2141"]
[EventDate "2006.10.03"]

1. e4 c5 2. Nf3 d6 3. d4 cxd4 4. Nxd4 Nf6 5. Nc3 g6 6. Be3 Bg7 7. f3 O-O 8.
Bc4 Nc6 9. Qd2 Bd7 10. O-O-O Qb8 11. h4 b5 12. Bb3 a5 13. Nxc6 Bxc6 14. Nd5
Bxd5 15. Bxd5 Ra6 16. a3 Rc8 17. Kb1 Nxd5 18. exd5 b4 19. a4 b3 20. c3 Rc4
21. h5 Qe8 22. Qd3 Qxa4 23. Bd2 Ra8 24. hxg6 hxg6 25. Rde1 Rac8 26. Kc1
Bxc3 27. Bxc3 Rxc3+ 28. bxc3 Qa1+ 29. Qb1 Qxc3+ 30. Kd1 Qd4+ 31. Ke2 Rc2+
32. Qxc2 bxc2 33. Rc1 Qc3 34. Rh4 e6 35. dxe6 fxe6 36. Re4 Kf7 37. Re3 Qc5
38. Kd3 Qf5+ 39. Kd2 Qg5 40. g4 d5 41. Kd3 Qe7 42. Rxc2 g5 43. Ke2 Qd6 44.
Kd1 d4 45. Rd3 Qb4 46. Ke2 a4 47. Ra2 Qc4 48. Raa3 e5 49. Kd2 Ke6 50. Ra1
Kd5 51. Rda3 e4 52. fxe4+ Kxe4 53. Re1+ Kf4 54. Rea1 Kxg4 55. Rg1+ Kf4 56.
Rgg3 g4 57. Rgd3 Ke4 58. Rg3 Qe6 59. Rgd3 Qh6+ 60. Kc2 Qh2+ 61. Kc1 Qf2 62.
Kd1 Qg1+ 63. Kd2 Qb1 64. Rg3 Qb2+ 65. Kd1 Qb1+ 66. Kd2 Qb4+ 67. Kd1 Kd5 68.
Kc2 Kc4 69. Rad3 Qe7 70. Kd1 Qe4 71. Kd2 Qf4+ 72. Kd1 Qf2 73. Kc1 Qe2 74.
Ra3 d3 75. Rxg4+ Kb5 0-1

[Event "WJun Girls"]
[Site "Yerevan ARM"]
[Date "2006.10.13"]
[Round "10"]
[White "Hoang Thi Bao Tram"]
[Black "Papadopoulou,V"]
[Result "1-0"]
[WhiteElo "2345"]
[BlackElo "2246"]
[EventDate "2006.10.03"]

1. e4 d5 2. exd5 Qxd5 3. Nc3 Qd6 4. d4 Nf6 5. Nf3 a6 6. Bd3 Bg4 7. O-O Nbd7
8. Be3 e6 9. Be2 Be7 10. Qd2 Rd8 11. Rfd1 O-O 12. a3 Rfe8 13. Bf4 Qc6 14.
d5 exd5 15. Nd4 Qc5 16. b4 Qa7 17. Bxg4 Nxg4 18. Bxc7 Rc8 19. Nxd5 Ndf6 20.
Nxe7+ Rxe7 21. Bg3 Rd7 22. f3 Rc4 23. c3 Nh6 24. Bf2 Qb8 25. Qd3 Qc8 26.
Rac1 Nd5 27. Nf5 Nxf5 28. Qxf5 g6 29. Qd3 Nxc3 30. Qxd7 Ne2+ 31. Kf1 Qxd7
32. Rxd7 Nxc1 33. Rxb7 Nd3 34. Be3 f5 35. Ke2 Nb2 36. Bh6 Rh4 37. Bc1 Na4
38. h3 Rc4 39. Bh6 Rh4 40. Bd2 Rc4 41. Ra7 Rc6 42. Bh6 g5 43. Bxg5 Rg6 44.
h4 h6 45. Bf4 Rxg2+ 46. Ke3 Rg6 47. Be5 Rc6 48. Kf4 Nb6 49. Kxf5 Nc4 50. a4
Ne3+ 51. Ke4 Ng2 52. Rg7+ 1-0

[Event "WJun Girls"]
[Site "Yerevan ARM"]
[Date "2006.10.13"]
[Round "10"]
[White "Kharatyan,A"]
[Black "Dolgova,O"]
[Result "0-1"]
[WhiteElo "2070"]
[BlackElo "2259"]
[EventDate "2006.10.03"]

1. e4 c6 2. d4 d5 3. e5 Bf5 4. Nf3 e6 5. Be2 c5 6. c4 dxc4 7. O-O Nc6 8.
Be3 cxd4 9. Nxd4 Nxd4 10. Bxd4 Ne7 11. Qa4+ Nc6 12. Bf3 Qd7 13. Rd1 Bd3 14.
Bc3 a6 15. Bxc6 Qxc6 16. Qxc6+ bxc6 17. Nd2 Rb8 18. Rac1 Bc5 19. g3 Ke7 20.
Kg2 Rb5 21. a3 Rhb8 22. Re1 Rd8 23. Nf3 Bb6 24. Bb4+ Ke8 25. Red1 Rbd5 26.
Re1 a5 27. Bc3 a4 28. Bb4 Ba5 29. Bxa5 Rxa5 30. Nd2 Rd4 31. Rc3 Kd7 32.
Rec1 Rc5 33. f4 f6 34. exf6 gxf6 35. Kf2 Kd6 36. Ke3 Kd5 37. b4 axb3 38.
Nxb3 Re4+ 39. Kf3 Rb5 40. Nd2 Rd4 41. Ke3 Rb2 42. Ra1 Bf5 43. Nf1 Bg4 44.
Nd2 Rbxd2 45. Re1 Rb2 0-1

[Event "WJun Girls"]
[Site "Yerevan ARM"]
[Date "2006.10.13"]
[Round "10"]
[White "Gomes,M"]
[Black "Muhren,B"]
[Result "1-0"]
[WhiteElo "2264"]
[BlackElo "2336"]
[EventDate "2006.10.03"]

1. Nf3 d5 2. c4 d4 3. g3 Nc6 4. d3 e5 5. Bg2 Nf6 6. O-O Nd7 7. e3 Be7 8.
exd4 exd4 9. Na3 a5 10. Nb5 Nc5 11. Re1 O-O 12. Bf4 Ne6 13. Re4 Bf6 14. Qd2
Nb4 15. Rxe6 Bxe6 16. Bxc7 Qd7 17. Be5 Nc6 18. Bxf6 gxf6 19. Qf4 Bf5 20.
Nc7 Rad8 21. Nd5 Kh8 22. g4 Bg6 23. Qxf6+ Kg8 24. Ne5 Nxe5 25. Qxe5 f6 26.
Nxf6+ Rxf6 27. Qxf6 Re8 28. Bd5+ Bf7 29. Qxf7+ Qxf7 30. Bxf7+ Kxf7 31. Kf1
Rg8 32. f3 h5 33. h3 hxg4 34. fxg4 Rh8 35. Kg2 Re8 36. Rf1+ Kg6 37. Rf5 a4
38. Rb5 Re3 39. Rxb7 Rxd3 40. c5 Kg5 41. Rf7 Rd1 42. Rf5+ Kg6 43. c6 d3 44.
Rd5 Rc1 45. Rxd3 Rxc6 46. Kg3 Rb6 47. Rd4 1-0

[Event "WJun Girls"]
[Site "Yerevan ARM"]
[Date "2006.10.13"]
[Round "10"]
[White "Perez Rodriguez,Je"]
[Black "Aghabekian,L"]
[Result "1/2-1/2"]
[WhiteElo "2250"]
[BlackElo "2179"]
[EventDate "2006.10.03"]

1. e4 e5 2. Nf3 Nc6 3. Bc4 Be7 4. d3 Nf6 5. O-O O-O 6. Re1 d6 7. a4 h6 8.
a5 a6 9. c3 Nh7 10. Nbd2 Ng5 11. h3 g6 12. Nf1 Kg7 13. Ne3 Be6 14. Nxg5
Bxg5 15. Nd5 Bxc1 16. Qxc1 Bxd5 17. Bxd5 Qd7 18. Qc2 Nd8 19. Qb3 Rb8 20.
Bc4 Ne6 21. Bxe6 Qxe6 22. Qxe6 fxe6 23. Ra4 Kf6 24. f3 Rfc8 25. Kf2 c5 26.
Ke3 Rc6 27. d4 cxd4+ 28. cxd4 Rbc8 29. dxe5+ Kxe5 30. Rb4 R8c7 31. f4+ Kf6
32. Rd1 Ke7 33. Rd2 Kf6 34. Rbd4 Ke7 35. g4 Rc5 36. Rxd6 Rxa5 37. f5 gxf5
38. exf5 Re5+ 39. Kf4 Re1 40. Kg3 Re3+ 41. Kh4 Rc6 42. Rd7+ Kf6 43. fxe6 b5
44. e7 Rxe7 45. Rf2+ Ke6 46. Rd3 Rec7 47. Kh5 Ke5 48. Rdf3 Rb7 49. Rf5+ Kd4
50. Rf6 Rbb6 51. Kg6 Rxf6+ 52. Rxf6 Rxf6+ 53. Kxf6 a5 54. h4 a4 55. g5 hxg5
56. Kxg5 b4 57. h5 a3 58. bxa3 b3 59. h6 b2 60. h7 b1=Q 61. h8=Q+ Kc4 62.
Qc8+ Kd4 63. Qd8+ Kc5 64. Qc7+ Kd5 65. Qa5+ Kc6 66. Qa8+ Qb7 67. Qe8+ Qd7
68. Qe3 Qg7+ 69. Kf5 Qf7+ 70. Kg4 Qg6+ 71. Kh3 Qh5+ 72. Kg3 Qg6+ 1/2-1/2

[Event "WJun Girls"]
[Site "Yerevan ARM"]
[Date "2006.10.14"]
[Round "11"]
[White "Hou Yifan"]
[Black "Sachdev,T"]
[Result "1-0"]
[WhiteElo "2481"]
[BlackElo "2383"]
[EventDate "2006.10.03"]

1. e4 c5 2. Nf3 e6 3. d4 cxd4 4. Nxd4 a6 5. Bd3 Nf6 6. O-O Qc7 7. Nc3 b5 8.
Re1 d6 9. a4 b4 10. Na2 e5 11. Nf3 Nc6 12. Bg5 Be6 13. Bxf6 gxf6 14. c3
bxc3 15. Nxc3 Bh6 16. a5 Qb7 17. Nh4 Qxb2 18. Nd5 Bxd5 19. exd5 Ne7 20. Qh5
Qd2 21. Qf3 Bg5 22. Nf5 Nxf5 23. Bxf5 Ke7 24. Rec1 Ra7 25. h4 Bxh4 26. Rc2
Qb4 27. Qe3 Rb7 28. Rac1 Qxa5 29. f4 Rg8 30. Qh3 Bg3 31. Qxh7 Qb6+ 32. Kh1
Qd8 33. Rc8 1-0

[Event "WJun Girls"]
[Site "Yerevan ARM"]
[Date "2006.10.14"]
[Round "11"]
[White "Abrahamyan,T"]
[Black "Gomes,M"]
[Result "0-1"]
[WhiteElo "2292"]
[BlackElo "2264"]
[EventDate "2006.10.03"]

1. e4 c5 2. Nf3 d6 3. d4 cxd4 4. Nxd4 Nf6 5. Nc3 a6 6. Be3 e5 7. Nb3 Be6 8.
f3 Nbd7 9. g4 b5 10. g5 b4 11. Ne2 Nh5 12. Qd2 a5 13. Ng3 Nxg3 14. hxg3 a4
15. Nc1 Qa5 16. f4 g6 17. Nd3 d5 18. Bg2 d4 19. Bf2 Bd6 20. Bh3 Bxh3 21.
Rxh3 Rd8 22. O-O-O Nc5 23. Nxc5 Qxc5 24. g4 b3 25. Kb1 bxa2+ 26. Ka1 Qb5
27. fxe5 Bxe5 28. c3 a3 29. cxd4 Bf4 30. Be3 Rb8 31. b4 Bd6 32. Kxa2 Qc4+
33. Ka1 Bxb4 34. Rc1 Qe6 35. Qd3 Qxg4 36. Rh2 Be7 37. Rg1 Qe6 38. Bf4 Rb3
39. Qc2 O-O 40. d5 Qb6 41. Rd1 a2 42. Be5 Rb1+ 43. Rxb1 axb1=Q+ 44. Qxb1
Ra8+ 45. Ra2 Qxb1+ 46. Kxb1 Rxa2 47. Kxa2 Bxg5 48. Kb3 Kf8 49. Kc4 Ke7 50.
Bg3 h5 51. e5 h4 52. Bf2 h3 53. Bg3 Be3 54. Bh2 g5 0-1

[Event "WJun Girls"]
[Site "Yerevan ARM"]
[Date "2006.10.14"]
[Round "11"]
[White "Andriasian,S"]
[Black "Hoang Thi Bao Tram"]
[Result "1/2-1/2"]
[WhiteElo "2264"]
[BlackElo "2345"]
[EventDate "2006.10.03"]

1. e4 c6 2. d4 d5 3. Nc3 dxe4 4. Nxe4 Nd7 5. Ng5 Ngf6 6. Bd3 e6 7. N1f3 Bd6
8. Qe2 h6 9. Ne4 Nxe4 10. Qxe4 Nf6 11. Qe2 b6 12. Bd2 Bb7 13. Ne5 Qc7 14.
f4 O-O-O 15. O-O-O c5 16. dxc5 Bxc5 17. Rhe1 Kb8 18. Kb1 Ka8 19. g4 Bd6 20.
h4 Rhf8 21. Bc1 Nd5 22. g5 hxg5 23. hxg5 f6 24. Ng6 Rfe8 25. Bb5 Bc6 26.
Bxc6+ Qxc6 27. c4 Nb4 28. Qe4 Kb7 29. a3 Qxe4+ 30. Rxe4 Nc6 31. b4 e5 32.
Bb2 f5 33. Re2 e4 34. Red2 Kc7 35. Rd5 Re6 36. Ne5 Rde8 37. Nxc6 Kxc6 38.
Bxg7 Bxf4 39. Rxf5 Bg3 40. b5+ Kc7 41. Rf7+ R6e7 42. Rxe7+ Rxe7 43. Bf6 Re8
44. Rd2 Be5 45. Bxe5+ Rxe5 46. Rd5 Re8 47. Kc2 e3 48. Kd1 e2+ 49. Ke1 Re3
50. a4 Re4 51. c5 bxc5 52. Rxc5+ Kb6 53. Rc6+ Kb7 54. Ra6 Rg4 55. g6 Rg2
56. Rf6 a5 57. Rf7+ Kb6 58. Rg7 Rg4 59. Rg8 Kb7 60. g7 Rg2 61. b6 Rg6 62.
Kxe2 Rg2+ 63. Kf3 Rg1 64. Kf4 Rf1+ 65. Ke5 Re1+ 66. Kd5 Rg1 67. Kc5 Rg5+
68. Kd6 Rg1 69. Kc5 Rg5+ 70. Kd4 Rg1 71. Rf8 Rxg7 72. Rf6 Rg4+ 73. Kc5 Rg5+
74. Kc4 1/2-1/2

[Event "WJun Girls"]
[Site "Yerevan ARM"]
[Date "2006.10.14"]
[Round "11"]
[White "Martirosyan,L"]
[Black "Buttner,N"]
[Result "1/2-1/2"]
[WhiteElo "2111"]
[BlackElo "2068"]
[EventDate "2006.10.03"]

1. d4 Nf6 2. c4 e6 3. Nf3 b6 4. g3 Ba6 5. b3 Bb4+ 6. Bd2 Be7 7. Bg2 Bb7 8.
Nc3 O-O 9. O-O d5 10. Ne5 Nbd7 11. Rc1 c5 12. Nxd7 Qxd7 13. dxc5 d4 14. c6
Bxc6 15. Bxc6 Qxc6 16. Nb5 Rfd8 17. b4 a6 18. Na3 a5 19. b5 Qc5 20. Nb1 Ne4
1/2-1/2

[Event "WJun Girls"]
[Site "Yerevan ARM"]
[Date "2006.10.14"]
[Round "11"]
[White "Darbinyan,A"]
[Black "Perez Rodriguez,Je"]
[Result "1/2-1/2"]
[WhiteElo "2102"]
[BlackElo "2250"]
[EventDate "2006.10.03"]

1. Nf3 d5 2. d4 Nf6 3. c4 c6 4. Qc2 e6 5. Nbd2 Nbd7 6. g3 Be7 7. Bg2 O-O 8.
O-O b6 9. e4 dxe4 10. Nxe4 Bb7 11. Rd1 Nxe4 12. Qxe4 Nf6 13. Qe2 Qc7 14.
Bf4 Bd6 15. Ne5 Nd7 16. c5 Bxe5 17. Bxe5 Nxe5 18. Qxe5 Qe7 19. b4 Rac8 20.
a4 Rfe8 21. a5 Rc7 22. axb6 axb6 23. cxb6 Rd7 24. Qc5 Qd8 25. Bxc6 Bxc6 26.
Qxc6 Rd6 27. Qc5 Rxb6 28. Ra7 Qb8 29. Rda1 Rxb4 30. Kg2 Rb1 31. R1a2 Qb5
32. Qxb5 Rxb5 33. Rd7 Rbb8 34. Raa7 Rf8 35. f4 Rbd8 36. Kf3 Rxd7 37. Rxd7
Rc8 38. d5 exd5 39. Rxd5 1/2-1/2

[Event "WJun Girls"]
[Site "Yerevan ARM"]
[Date "2006.10.14"]
[Round "11"]
[White "Pourkashiyan,A"]
[Black "Zarkua,E"]
[Result "1-0"]
[WhiteElo "2330"]
[BlackElo "1920"]
[EventDate "2006.10.03"]

1. e4 c5 2. Nf3 d6 3. d4 cxd4 4. Nxd4 Nf6 5. Nc3 Nc6 6. Be2 e5 7. Nf3 h6 8.
O-O Be7 9. Re1 Be6 10. h3 O-O 11. Bf1 Qd7 12. Nd5 Bd8 13. c4 Nh7 14. b3 Ng5
15. Nxg5 hxg5 16. Ba3 Nd4 17. Bb2 Nc6 18. Qd3 g6 19. Rad1 Kg7 20. b4 f6 21.
b5 Na5 22. Rd2 Rc8 23. Rc1 Rh8 24. Ba3 f5 25. c5 dxc5 26. Qc3 Qe8 27. Qxe5+
Kh6 28. Bb2 Rg8 29. h4 Bxd5 30. hxg5+ Kxg5 31. Qg3+ Kh5 32. Be2+ Kh6 33.
Qh2+ 1-0

[Event "WJun Girls"]
[Site "Yerevan ARM"]
[Date "2006.10.14"]
[Round "11"]
[White "Aketaeva,D"]
[Black "Prismontaite,R"]
[Result "1-0"]
[WhiteElo "2312"]
[BlackElo "1963"]
[EventDate "2006.10.03"]

1. Nf3 c5 2. c4 g6 3. g3 Bg7 4. Bg2 Nf6 5. O-O Nc6 6. d4 cxd4 7. Nxd4 Nxd4
8. Qxd4 d6 9. Nc3 O-O 10. Qh4 Rb8 11. Bg5 Re8 12. Rac1 Be6 13. Nd5 Bxd5 14.
cxd5 Qa5 15. Qc4 h6 16. Be3 Rec8 17. Qb3 Qa6 18. Bh3 Rxc1 19. Rxc1 Qxe2 20.
Bxa7 Qd2 21. Rd1 Qe2 22. Bf1 Qh5 23. Bxb8 Ng4 24. h3 Ne5 25. Bg2 f5 26. Ba7
g5 27. Bd4 f4 28. Bxe5 Bxe5 29. g4 Qh4 30. Qd3 Kh8 31. b4 h5 32. gxh5 Qxh5
33. a4 Qh4 34. Qf3 1-0

[Event "WJun Girls"]
[Site "Yerevan ARM"]
[Date "2006.10.14"]
[Round "11"]
[White "Dolgova,O"]
[Black "Solic,K"]
[Result "1-0"]
[WhiteElo "2259"]
[BlackElo "2129"]
[EventDate "2006.10.03"]

1. d4 d5 2. c4 e6 3. Nc3 c6 4. cxd5 exd5 5. Qc2 Bd6 6. Nf3 Ne7 7. Bg5 f6 8.
Bh4 Bf5 9. Qd2 Bg6 10. Bg3 Na6 11. e3 Nc7 12. Nh4 Bf7 13. Bd3 Ne6 14. Qc2
Nf8 15. O-O Nfg6 16. Nf3 Bxg3 17. hxg3 O-O 18. b4 a6 19. Na4 Re8 20. Nc5
Qb6 21. a4 Nf8 22. Qb3 Nc8 23. b5 axb5 24. axb5 Nd6 25. Na4 Qa5 26. bxc6
bxc6 27. Qc2 Qc7 28. Nc5 Bg6 29. Nd2 Bxd3 30. Qxd3 Nd7 31. Na6 Qc8 32. Rfb1
Nb5 33. Nb4 Rxa1 34. Rxa1 Qb7 35. Rc1 Rc8 36. Nxd5 Nf8 37. Nc3 Nd6 38. Nde4
Nxe4 39. Nxe4 Kh8 40. Nd6 1-0

[Event "WJun Girls"]
[Site "Yerevan ARM"]
[Date "2006.10.14"]
[Round "11"]
[White "Darbinian,N"]
[Black "Soumya,S"]
[Result "0-1"]
[WhiteElo "2079"]
[BlackElo "2154"]
[EventDate "2006.10.03"]

1. Nf3 c5 2. c4 Nc6 3. d4 cxd4 4. Nxd4 g6 5. e4 Bg7 6. Nc2 Nf6 7. Nc3 d6 8.
Be2 b6 9. O-O Bb7 10. f3 Rc8 11. Bd2 O-O 12. Qc1 Nd7 13. b3 Nc5 14. Be1 a6
15. Qd2 Ne6 16. Bf2 a5 17. Rfd1 Nc5 18. Nd5 f5 19. exf5 Rxf5 20. Re1 Rf7
21. Bh4 Rb8 22. f4 Bc8 23. Bf3 Qf8 24. Nc7 e6 25. Nb5 Rxf4 26. Bg5 Rxf3 27.
gxf3 Ne5 28. Rxe5 dxe5 29. Qd6 Qxd6 30. Nxd6 Bd7 31. Re1 Rf8 32. Kg2 Bc6
33. Re3 Ra8 34. Bh4 h6 35. Bg3 Rd8 36. Ne4 Bxe4 0-1